000 00329nam a2200133Ia 4500
005 20251222141827.0
008 251222s9999||||xx |||||||||||||| ||spa||
020 _a9788570601995
082 _a704.948.91/G76
245 0 _aArte Sacra GĂȘnese da Fe no Novo Mundo:
250 _a1ra.ed.
264 _bImprensa Oficial
942 _cLIB
999 _c6990
_d6990